00735nam a2200205 a 4500008004100000020002200041245012000063260003300183300003900216440005000255504004100305500002000346650004400366650004700410700002800457700001700485003000100502005001700503040000900520  a184014193X (pbk.)00aFarewell to farms :bde-agrarianisation and employment in Africa /cedited by Deborah Fahy Bryceson and Vali Jamal. aAldershot :bAshgate,c1997. aiv, 265 p. :bill., maps ;c24 cm. 0aAfrican Studies Centre research series ;v10. aIncludes bibliographical references. aIncludes index. 0aRural developmentzAfrica, Sub-Saharan. 0aEconomic developmentzAfrica, Sub-Saharan.1 aBryceson, Deborah Fahy.1 aJamal, Vali.20230123133148.0 cNUST